01360nam a22002297a 4500003000900000001000800009007000300017008003600020090002200056942000700078040003800085245053900123300001100662955000600673041000800679080001600687260001400703650011400717999001900831952014000850952014000990UA-OsUOA 58093 ta20090126b un ||||| |||| 00| 0 ukr d a364.446:377bР64 cBK aUA-OsUOAbukrcUA-OsUOAdUA-OsUOA aРозбудова навичок самостійного життя і сприяння зайнятості для випускників професійно-технічних навчальних закладів -колишніх вихованців інтернатних установ для дітей-сирітbМодель соціальної підтримки та сприяння працевлаштуванню молоді з уразливих соціальних групcБілецька О. В. a84 с. a2 aukr a364.446:377 aК.c2006 7a36 Забезпечення духовних та матеріальних життєвих потреб2UDC c344192d344192 00102udc40708C_KOLOSa102b102d2009-01-26e17/2009g5.00i118859l0o364.446:377 Р64p118859r2022-02-06 00:00:00w2009-01-26yBK 00102udc40708C_KOLOSa102b102d2009-01-27e17/2009g5.00i118866l0o364.446:377 Р64p118866r2022-02-06 00:00:00w2009-01-26yBK